| 000 | 00625nam a2200193 4500 | ||
|---|---|---|---|
| 999 |
_c169103 _d169103 |
||
| 005 | 20191106102331.0 | ||
| 010 | _aENG-126826 | ||
| 020 | _c250.00 | ||
| 035 | _aEN-110358 | ||
| 037 | _bDBAD/PUB | ||
| 082 | _a181.49 | ||
| 100 | _aJha, Anil Kumar | ||
| 245 |
_aA perfect guide for successful human life The Srimad-Bhaggavad -Gita : _cAnil Kumar Jha [and] Ajit Kumar Bishnoi _bmade easy to learn and to benefit from / |
||
| 260 |
_a Delhi _bAjit Kumar Bishnoi |
||
| 270 | _mspiritual@ajitbishnoi.com | ||
| 300 |
_a717p. _c21cm(pbk) |
||
| 700 | _aBishnoi, Ajit Kumar | ||
| 942 |
_2ddc _cEN _h181.49 _mJHA |
||